[Event "RA Fall op"]
[Site "Ottawa CAN"]
[Date "2003.09.21"]
[Round "5"]
[White "Pacey, Kevin"]
[Black "Djerkovic, Miladin"]
[Result "1/2-1/2"]
[WhiteElo "2290"]
[BlackElo "2276"]
[PlyCount "46"]
[EventDate "2003.09.20"]
[EventType "swiss"]
[EventRounds "5"]
[EventCountry "CAN"]

1. d4 Nf6 2. c4 e6 3. Nc3 Bb4 4. e3 c5 5. Bd3 Nc6 6. Nf3 Bxc3+ 7. bxc3 d6 8. e4
e5 9. d5 Ne7 10. Nd2 Qa5 11. Qc2 Nh5 12. Nb3 Qc7 13. Be3 Bd7 14. Qd2 O-O-O 15.
Be2 Nf6 16. Nxc5 dxc5 17. d6 Qc6 18. dxe7 Rde8 19. f3 Rxe7 20. O-O Be6 21. Qb2
Ne8 22. a4 Nd6 23. Qa2 Rc7 1/2-1/2

[Event "RA Introductory Active"]
[Site "Ottawa CAN"]
[Date "2003.09.04"]
[Round "1"]
[White "Hawley, Robert"]
[Black "Pacey, Kevin"]
[Result "0-1"]
[WhiteElo "1613"]
[BlackElo "2233"]
[PlyCount "44"]
[EventDate "2003.09.04"]
[EventType "swiss (rapid)"]
[EventRounds "6"]
[EventCountry "CAN"]

1. e4 c5 2. Nf3 d6 3. d4 cxd4 4. Nxd4 Nf6 5. Nc3 g6 6. Be3 Bg7 7. Bc4 Ng4 8.
Qd2 Nxe3 9. Qxe3 O-O 10. O-O-O Nc6 11. Nxc6 bxc6 12. h4 Qb6 13. Qf3 Rb8 14. Bb3
h5 15. Rd3 Ba6 16. Na4 Qa5 17. Rdd1 c5 18. Rd5 Bb7 19. Rg5 Bh6 20. Qe3 Bxg5 21.
Qxg5 Kg7 22. Rh3 Qe1# 0-1

[Event "RA Introductory Active"]
[Site "Ottawa CAN"]
[Date "2003.09.04"]
[Round "2"]
[White "Pacey, Kevin"]
[Black "Kuryliw, Ray"]
[Result "1-0"]
[WhiteElo "2233"]
[BlackElo "1849"]
[PlyCount "83"]
[EventDate "2003.09.04"]
[EventType "swiss (rapid)"]
[EventRounds "6"]
[EventCountry "CAN"]

1. d4 Nf6 2. c4 g6 3. Nc3 d5 4. cxd5 Nxd5 5. e4 Nxc3 6. bxc3 c5 7. Bc4 Bg7 8.
Ne2 Qa5 9. O-O O-O 10. Be3 Nc6 11. Qc1 Rd8 12. Rd1 b5 13. Bb3 Ba6 14. d5 Ne5
15. Bxc5 Qc7 16. Bb4 Bb7 17. Qf4 a5 18. Ba3 Rac8 19. Rab1 Ba6 20. Ng3 a4 21.
Bc2 Nc4 22. Qxc7 Rxc7 23. Bb4 Nd6 24. Ba5 Rdc8 25. Bxc7 Rxc7 26. Bd3 Rxc3 27.
Ne2 Ra3 28. Rd2 Bh6 29. f4 g5 30. g3 gxf4 31. gxf4 Rxd3 32. Rxd3 Nxe4 33. Re3
f5 34. Rb4 Bf8 35. Rbxe4 fxe4 36. Rxe4 b4 37. Nc1 e6 38. dxe6 Bc5+ 39. Kg2 Bb7
40. Kf3 Kf8 41. f5 Ke7 42. Ne2 1-0

[Event "RA Introductory Active"]
[Site "Ottawa CAN"]
[Date "2003.09.04"]
[Round "3"]
[White "Predescu, Sebastian"]
[Black "Pacey, Kevin"]
[Result "1/2-1/2"]
[WhiteElo "2052"]
[BlackElo "2233"]
[PlyCount "64"]
[EventDate "2003.09.04"]
[EventType "swiss (rapid)"]
[EventRounds "6"]
[EventCountry "CAN"]

1. e4 d6 2. d4 Nf6 3. Nc3 g6 4. f4 Bg7 5. Nf3 O-O 6. Bd3 Nc6 7. e5 dxe5 8. dxe5
Nd5 9. Nxd5 Qxd5 10. c4 Qd8 11. O-O Bg4 12. Be4 Qxd1 13. Rxd1 Rfd8 14. Be3 e6
15. h3 Bf5 16. Bxc6 bxc6 17. Rxd8+ Rxd8 18. Bxa7 Be4 19. Ng5 Bc2 20. Rc1 Bf5
21. Be3 f6 22. Nf3 fxe5 23. g4 exf4 24. Bxf4 Be4 25. Ng5 e5 26. Be3 Bh6 27. Kf2
Rd3 28. Re1 Bxg5 29. Bxg5 Rf3+ 30. Kg1 Rg3+ 31. Kf2 Rf3+ 32. Kg1 Rg3+ 1/2-1/2

[Event "RA Spring Active"]
[Site "Ottawa CAN"]
[Date "2003.04.10"]
[Round "1"]
[White "De Kerpel, Stijn"]
[Black "Pacey, Kevin"]
[Result "0-1"]
[WhiteElo "2007"]
[BlackElo "2270"]
[PlyCount "74"]
[EventDate "2003.04.10"]
[EventType "swiss (rapid)"]
[EventRounds "4"]
[EventCountry "CAN"]

1. e4 e5 2. Bc4 Nf6 3. d3 Nc6 4. Nc3 Bb4 5. Nge2 d5 6. exd5 Nxd5 7. O-O Nxc3 8.
bxc3 Bd6 9. Ng3 Qh4 10. Ne4 Bg4 11. f3 Bf5 12. a4 h6 13. Nxd6+ cxd6 14. Rb1 Rb8
15. Ba3 Qf6 16. d4 O-O 17. dxe5 Nxe5 18. Be2 Rfd8 19. f4 Nc6 20. Bb2 Be4 21. c4
Qg6 22. Bf3 Bxc2 23. f5 Bxf5 24. Bh5 Qg5 25. Bc1 Qf6 26. Qf3 Bxb1 27. Bxf7+ Kh8
28. Qh3 Qxf1+ 29. Kxf1 Rf8 30. Ke1 Rxf7 31. Be3 Re8 32. Kd2 Rfe7 33. Bf4 Re2+
34. Kc3 Rc2+ 35. Kb3 Na5+ 36. Kb4 Rxc4+ 37. Kxa5 Rxf4 0-1

[Event "RA Spring Active"]
[Site "Ottawa CAN"]
[Date "2003.04.10"]
[Round "2"]
[White "Pacey, Kevin"]
[Black "Yuan, Michael"]
[Result "1/2-1/2"]
[WhiteElo "2270"]
[BlackElo "1790"]
[PlyCount "51"]
[EventDate "2003.04.10"]
[EventType "swiss (rapid)"]
[EventRounds "4"]
[EventCountry "CAN"]

1. d4 Nf6 2. c4 e6 3. Nc3 Bb4 4. a3 Bxc3+ 5. bxc3 Ne4 6. g3 f5 7. Bg2 d5 8. f3
Nf6 9. e3 Nc6 10. Ne2 dxc4 11. e4 O-O 12. O-O b6 13. Bg5 Qe8 14. Bxf6 Rxf6 15.
e5 Rh6 16. h4 Ne7 17. f4 Rb8 18. Kf2 Bb7 19. Bxb7 Rxb7 20. Ng1 Nd5 21. Qf3 Qa4
22. Ne2 c5 23. Rfc1 Rd7 24. Kg2 Qc6 25. Kf2 Qa4 26. Kg2 1/2-1/2

[Event "RA Spring Active"]
[Site "Ottawa CAN"]
[Date "2003.04.17"]
[Round "3"]
[White "Patterson, Roger"]
[Black "Pacey, Kevin"]
[Result "1-0"]
[WhiteElo "2187"]
[BlackElo "2270"]
[PlyCount "89"]
[EventDate "2003.04.10"]
[EventType "swiss (rapid)"]
[EventRounds "4"]
[EventCountry "CAN"]

1. e4 e5 2. Nf3 Nc6 3. Bb5 a6 4. Ba4 Nf6 5. O-O Be7 6. Re1 b5 7. Bb3 O-O 8. c3
d6 9. h3 Nb8 10. d4 Nbd7 11. Nbd2 Bb7 12. Qc2 c5 13. dxe5 dxe5 14. c4 Re8 15.
a4 b4 16. a5 Bd6 17. Ba4 h6 18. Nf1 Re6 19. g4 Bc7 20. Ng3 Nf8 21. Be3 Bxa5 22.
Red1 Qc7 23. Nh4 Ng6 24. Nhf5 Nf4 25. Kh2 b3 26. Bxb3 Bb4 27. f3 Rb6 28. Ba4
Ne6 29. Bxh6 gxh6 30. Nxh6+ Kh7 31. Ngf5 Bc6 32. Bxc6 Rxc6 33. Qf2 Nf8 34. Nxf7
Qxf7 35. Qh4+ Kg8 36. Nh6+ Kg7 37. Nxf7 Kxf7 38. Qg3 Re8 39. h4 Ng6 40. g5 Rh8
41. gxf6 Rxh4+ 42. Kg1 Kxf6 43. Rd7 a5 44. Rad1 Rh6 45. Qg4 1-0

[Event "RA Spring Active"]
[Site "Ottawa CAN"]
[Date "2003.04.17"]
[Round "4"]
[White "Predescu, Sebastian"]
[Black "Pacey, Kevin"]
[Result "1-0"]
[WhiteElo "2016"]
[BlackElo "2270"]
[PlyCount "71"]
[EventDate "2003.04.10"]
[EventType "swiss (rapid)"]
[EventRounds "4"]
[EventCountry "CAN"]

1. e4 e5 2. Nf3 Nf6 3. Nc3 Bb4 4. Nxe5 Bxc3 5. dxc3 d6 6. Nd3 Nxe4 7. Nf4 Nc5
8. Be2 O-O 9. O-O Bf5 10. Bf3 c6 11. c4 Qc7 12. b3 Nbd7 13. g3 Ne5 14. Bg2 Bg4
15. f3 Bf5 16. g4 Bd7 17. Bb2 f5 18. h3 fxg4 19. fxg4 Ne6 20. Nxe6 Bxe6 21. Qd4
b6 22. Rad1 Rad8 23. Rxf8+ Kxf8 24. Qf4+ Kg8 25. Bxe5 dxe5 26. Rxd8+ Qxd8 27.
Qxe5 Kf7 28. Kh2 c5 29. Bd5 Qd7 30. Kg3 h6 31. Kf4 Qc8 32. h4 a5 33. g5 hxg5+
34. hxg5 Bxd5 35. cxd5 Qh8 36. Qe6+ 1-0

[Event "RA Spring Frost"]
[Site "Ottawa CAN"]
[Date "2003.02.27"]
[Round "1"]
[White "Huband, Ken"]
[Black "Veltmann, Alfred"]
[Result "1/2-1/2"]
[WhiteElo "1724"]
[BlackElo "1709"]
[PlyCount "70"]
[EventDate "2003.02.27"]
[EventType "tourn"]
[EventRounds "6"]
[EventCountry "CAN"]

1. e4 d5 2. exd5 Qxd5 3. d4 Nc6 4. Be3 Nf6 5. Nf3 Bg4 6. Be2 e6 7. O-O Ne4 8.
Nbd2 Nxd2 9. Qxd2 Bb4 10. c3 Be7 11. Bf4 Bd6 12. Rfd1 O-O 13. c4 Qf5 14. Bxd6
cxd6 15. d5 exd5 16. Qxd5 Rfd8 17. Rd2 Rd7 18. Rad1 Rad8 19. Qxf5 Bxf5 20. Nd4
Nxd4 21. Rxd4 Be6 22. Bf3 Kf8 23. Bd5 Ke7 24. Re1 Re8 25. Rde4 Kf6 26. R1e3 g6
27. g4 Rde7 28. Bxe6 Rxe6 29. Rxe6+ Rxe6 30. Rf3+ Kg7 31. h3 f6 32. Kf1 h6 33.
Rd3 Kf7 34. Rb3 Re7 35. Rd3 Re6 1/2-1/2

[Event "RA Spring Frost"]
[Site "Ottawa CAN"]
[Date "2003.02.27"]
[Round "1"]
[White "Pacey, Kevin"]
[Black "Predescu, Sebastian"]
[Result "1-0"]
[WhiteElo "2320"]
[BlackElo "2236"]
[PlyCount "81"]
[EventDate "2003.02.27"]
[EventType "tourn"]
[EventRounds "6"]
[EventCountry "CAN"]

1. e4 c5 2. Nc3 Nc6 3. g3 g6 4. Bg2 Bg7 5. d3 e6 6. Be3 Nd4 7. Nge2 d6 8. O-O
Rb8 9. a3 Ne7 10. Rb1 b6 11. Qd2 h6 12. Nc1 Bb7 13. Nd1 d5 14. f3 Ndc6 15. b4
c4 16. dxc4 dxc4 17. Qe2 b5 18. f4 O-O 19. Nf2 e5 20. fxe5 a6 21. Ng4 Kh7 22.
Nf6+ Bxf6 23. exf6 Ng8 24. Qf2 Ne5 25. h3 Re8 26. Ne2 Nd7 27. Qf4 Qxf6 28. Qg4
Qe7 29. Bd4 Ngf6 30. Qf4 Bxe4 31. Bxe4 Qxe4 32. Nc3 Qf5 33. Qh4 Qxc2 34. Bxf6
Nxf6 35. Qxf6 Re3 36. Qxf7+ Kh8 37. Qf4 Rbe8 38. Nd5 Re2 39. Qxh6+ Kg8 40. Nf6+
Kf7 41. Nxe8+ 1-0

[Event "RA Spring Frost"]
[Site "Ottawa CAN"]
[Date "2003.03.06"]
[Round "2"]
[White "Pacey, Kevin"]
[Black "Barclay, Wayne"]
[Result "0-1"]
[WhiteElo "2320"]
[BlackElo "2309"]
[PlyCount "60"]
[EventDate "2003.02.27"]
[EventType "tourn"]
[EventRounds "6"]
[EventCountry "CAN"]

1. e4 e6 2. d4 d5 3. Nc3 Bb4 4. e5 Ne7 5. a3 Bxc3+ 6. bxc3 c5 7. a4 Qc7 8. Nf3
Bd7 9. Bd3 Nbc6 10. O-O c4 11. Be2 f6 12. Re1 O-O-O 13. Ba3 Nf5 14. Bf1 Qa5 15.
Qd2 Rhe8 16. g3 Kb8 17. Bh3 fxe5 18. Nxe5 Nxe5 19. Rxe5 Bxa4 20. Bb4 Qb5 21.
Rae1 Qd7 22. Bxf5 exf5 23. Re7 Rxe7 24. Rxe7 Qc6 25. Qf4+ Ka8 26. Qxf5 g6 27.
Qg5 Re8 28. Rxe8+ Qxe8 29. Qxd5 Qe1+ 30. Kg2 Bc6 0-1

[Event "RA Spring Frost"]
[Site "Ottawa CAN"]
[Date "2003.03.06"]
[Round "2"]
[White "Veltmann, Alfred"]
[Black "Abt, Michael"]
[Result "0-1"]
[WhiteElo "1709"]
[BlackElo "1676"]
[PlyCount "53"]
[EventDate "2003.02.27"]
[EventType "tourn"]
[EventRounds "6"]
[EventCountry "CAN"]

1. d4 e6 2. c4 c5 3. Nf3 Nf6 4. Nc3 cxd4 5. Nxd4 Bc5 6. e3 O-O 7. Bd3 Nc6 8.
Nxc6 bxc6 9. O-O d5 10. Na4 Bd6 11. c5 Bc7 12. b4 Bd7 13. Bb2 e5 14. f3 Rb8 15.
a3 a5 16. bxa5 Qe7 17. Bc3 e4 18. Bxf6 gxf6 19. fxe4 dxe4 20. Bc4 Bxa5 21. Qd4
f5 22. Rf2 Rfd8 23. Qd1 Be6 24. Qc2 Qf6 25. Raf1 Bc7 26. Bxe6 fxe6 27. Qxe4 0-1

[Event "RA Spring Frost"]
[Site "Ottawa CAN"]
[Date "2003.03.13"]
[Round "3"]
[White "Chyurlia, Jerome"]
[Black "Veltmann, Alfred"]
[Result "0-1"]
[WhiteElo "1701"]
[BlackElo "1709"]
[PlyCount "74"]
[EventDate "2003.02.27"]
[EventType "tourn"]
[EventRounds "6"]
[EventCountry "CAN"]

1. c4 Nf6 2. Nc3 e5 3. e4 Nc6 4. Nf3 Bc5 5. Be2 d6 6. d3 Ng4 7. O-O a6 8. Nd5
Bd7 9. Bd2 h6 10. b4 Ba7 11. Rc1 Ne7 12. Ne3 Nxe3 13. fxe3 Ng6 14. d4 O-O 15.
c5 dxc5 16. bxc5 Qe8 17. d5 Bb5 18. Kh1 Rd8 19. Bxb5 Qxb5 20. a4 Qd3 21. Rc3
Qxe4 22. c6 Qxd5 23. Qc2 bxc6 24. Rxc6 Bb6 25. Bb4 Rfe8 26. a5 Bxe3 27. Rxc7 e4
28. Ne1 f6 29. Qe2 Bf4 30. Rc5 Qb7 31. Qc4+ Kh8 32. Bc3 Rc8 33. Bd4 Rxc5 34.
Qxc5 Qc8 35. Qh5 Kh7 36. g3 Qc4 37. gxf4 Qxf1+ 0-1

[Event "RA Spring Frost"]
[Site "Ottawa CAN"]
[Date "2003.03.13"]
[Round "3"]
[White "Djerkovic, Miladin"]
[Black "Pacey, Kevin"]
[Result "1-0"]
[WhiteElo "2249"]
[BlackElo "2320"]
[PlyCount "69"]
[EventDate "2003.02.27"]
[EventType "tourn"]
[EventRounds "6"]
[EventCountry "CAN"]

1. e4 e6 2. d4 d5 3. Nc3 Bb4 4. e5 Ne7 5. a3 Bxc3+ 6. bxc3 c5 7. Nf3 Nbc6 8. a4
Qa5 9. Bd2 c4 10. g3 Bd7 11. Bg2 O-O-O 12. Ng5 Rdf8 13. f4 f6 14. exf6 gxf6 15.
Nf3 Nf5 16. O-O Nd6 17. Nh4 f5 18. Kh1 Ne7 19. Bc1 Ne4 20. Ba3 Qd8 21. Bxe4
fxe4 22. Bxe7 Qxe7 23. Qh5 Qe8 24. Qe5 Rhg8 25. a5 Bc6 26. Rae1 Kd7 27. Rf2 Qb8
28. Qh5 Qe8 29. Qxh7+ Rf7 30. Qh5 Rh8 31. Qe5 Re7 32. f5 Rh6 33. Ng6 Rxg6 34.
fxg6 Qxg6 35. Rf6 1-0

[Event "RA Spring Frost"]
[Site "Ottawa CAN"]
[Date "2003.03.20"]
[Round "4"]
[White "Predescu, Sebastian"]
[Black "Pacey, Kevin"]
[Result "1-0"]
[WhiteElo "2236"]
[BlackElo "2320"]
[PlyCount "51"]
[EventDate "2003.02.27"]
[EventType "tourn"]
[EventRounds "6"]
[EventCountry "CAN"]

1. e4 e6 2. d4 d5 3. e5 c5 4. c3 Nc6 5. Nf3 Qb6 6. a3 c4 7. Nbd2 Bd7 8. Be2
Nge7 9. Nf1 Na5 10. Ne3 Nb3 11. Rb1 Ng6 12. O-O Be7 13. Nd2 Nxc1 14. Qxc1 Nf4
15. Qe1 O-O-O 16. g3 Ng6 17. f4 h5 18. b3 cxb3 19. Rxb3 Qc7 20. f5 Nf8 21. c4
dxc4 22. Ndxc4 Kb8 23. Bf3 b6 24. Nxb6 axb6 25. Qa5 Bc6 26. Rxb6+ 1-0

[Event "RA Spring Frost"]
[Site "Ottawa CAN"]
[Date "2003.03.20"]
[Round "4"]
[White "Veltmann, Alfred"]
[Black "Huband, Ken"]
[Result "1-0"]
[WhiteElo "1709"]
[BlackElo "1724"]
[PlyCount "108"]
[EventDate "2003.02.27"]
[EventType "tourn"]
[EventRounds "6"]
[EventCountry "CAN"]

1. e4 e5 2. Nf3 Nc6 3. Bb5 a6 4. Bxc6 dxc6 5. O-O Bd6 6. d4 Qe7 7. dxe5 Bxe5 8.
Nxe5 Qxe5 9. Nc3 Nf6 10. Qf3 O-O 11. Bf4 Qe7 12. Bg5 Qe5 13. Qf4 Qxf4 14. Bxf4
Ne8 15. Rfd1 Be6 16. Rd2 f5 17. e5 h6 18. h4 b6 19. Rad1 a5 20. b3 Rf7 21. Ne2
c5 22. c4 Kf8 23. Nc3 c6 24. Rd8 Raa7 25. Kf1 Rab7 26. Na4 Rfc7 27. R8d3 Rd7
28. Rxd7 Bxd7 29. Ke2 Be6 30. Be3 Nc7 31. f4 Bf7 32. Rd6 Be8 33. Kf2 Ke7 34.
Rd3 Ne6 35. Ke2 Bd7 36. Rd6 Be8 37. Kd2 Bd7 38. Kc3 Be8 39. g3 Rb8 40. a3 Rb7
41. b4 axb4+ 42. axb4 cxb4+ 43. Kb3 b5 44. Rxe6+ Kf7 45. Nc5 Ra7 46. Kxb4 bxc4
47. Rd6 Ke7 48. Rd2 Ra1 49. Kxc4 Bf7+ 50. e6 Bxe6+ 51. Nxe6 Kxe6 52. Kd4 c5+
53. Kc3 c4 54. Re2 Kf7 1-0

[Event "RA Spring Frost"]
[Site "Ottawa CAN"]
[Date "2003.03.27"]
[Round "5"]
[White "Abt, Michael"]
[Black "Veltmann, Alfred"]
[Result "1-0"]
[WhiteElo "1676"]
[BlackElo "1709"]
[PlyCount "78"]
[EventDate "2003.02.27"]
[EventType "tourn"]
[EventRounds "6"]
[EventCountry "CAN"]

1. Nf3 b6 2. e4 Bb7 3. Nc3 d6 4. d4 Nf6 5. d5 c6 6. Bg5 Nbd7 7. Nd4 cxd5 8.
Bxf6 exf6 9. exd5 Qe7+ 10. Be2 O-O-O 11. O-O Nb8 12. Bg4+ Rd7 13. Ndb5 a6 14.
Na7+ Kc7 15. Bxd7 Qxd7 16. Qd4 Ba8 17. Na4 Kd8 18. Qxb6+ Qc7 19. c4 Nd7 20.
Qxc7+ Kxc7 21. Rae1 g5 22. Re8 Bb7 23. b4 Ne5 24. f4 gxf4 25. Rxf4 Kd7 26. Rxe5
fxe5 27. Rxf7+ Be7 28. Nb6+ Ke8 29. Rg7 Kf8 30. Rg3 Ke8 31. a4 h6 32. b5 Bg5
33. a5 Kd8 34. Nc6+ Kc7 35. Rf3 Rh7 36. Kf1 e4 37. Rf8 Be3 38. Na4 Bd2 39. b6+
Kd7 1-0

[Event "RA Spring Frost"]
[Site "Ottawa CAN"]
[Date "2003.03.27"]
[Round "5"]
[White "Barclay, Wayne"]
[Black "Pacey, Kevin"]
[Result "1-0"]
[WhiteElo "2309"]
[BlackElo "2320"]
[PlyCount "109"]
[EventDate "2003.02.27"]
[EventType "tourn"]
[EventRounds "6"]
[EventCountry "CAN"]

1. d4 Nf6 2. c4 e6 3. Nf3 b6 4. Nc3 Bb4 5. Qb3 Qe7 6. Bg5 Bb7 7. e3 h6 8. Bxf6
Bxc3+ 9. Qxc3 Qxf6 10. Be2 d6 11. b4 a5 12. a3 O-O 13. O-O Nd7 14. Qc2 c5 15.
bxc5 dxc5 16. Rfd1 Rfd8 17. Rab1 Qe7 18. d5 e5 19. Nd2 g6 20. e4 Qg5 21. Nf1
Ra6 22. Rb3 Nf8 23. Rdb1 Rd6 24. g3 Bc8 25. Qd2 Qxd2 26. Nxd2 g5 27. Nf1 Ng6
28. Ne3 f6 29. Bg4 Bxg4 30. Nxg4 Kg7 31. Ne3 Ne7 32. Kg2 Kg6 33. Nd1 Nc8 34.
Nc3 Rd7 35. Na4 Rd6 36. Rb5 Kf7 37. Kf3 h5 38. Ke3 g4 39. h3 gxh3 40. Rh1 Kg6
41. Rxh3 Kg5 42. Rb1 Rd7 43. f4+ Kg6 44. Rbh1 Rh7 45. g4 exf4+ 46. Kxf4 h4 47.
Rxh4 Rxh4 48. Rxh4 Nd6 49. Nb2 b5 50. cxb5 Nxb5 51. Nc4 Nd6 52. Nxd6 Rxd6 53.
Rh8 Rb6 54. Rc8 Rb5 55. d6 1-0

[Event "RA Spring Frost"]
[Site "Ottawa CAN"]
[Date "2003.04.03"]
[Round "6"]
[White "Pacey, Kevin"]
[Black "Djerkovic, Miladin"]
[Result "1/2-1/2"]
[WhiteElo "2320"]
[BlackElo "2249"]
[PlyCount "75"]
[EventDate "2003.02.27"]
[EventType "tourn"]
[EventRounds "6"]
[EventCountry "CAN"]

1. b3 e5 2. Bb2 Nc6 3. e3 Nf6 4. Bb5 d6 5. d4 exd4 6. Qxd4 Bd7 7. Bxc6 bxc6 8.
Ne2 Be7 9. Nf4 a5 10. a4 Qb8 11. Nd2 Qb4 12. Nd3 c5 13. Qf4 Qxf4 14. Nxf4 O-O
15. O-O Bc6 16. Rad1 Nd7 17. Nc4 Bf6 18. Bc1 Ne5 19. Nxe5 Bxe5 20. Nd5 Bxd5 21.
Rxd5 f5 22. g3 g6 23. Rd3 Rfb8 24. c4 Kf7 25. Re1 Re8 26. Kf1 Bf6 27. Re2 h5
28. h4 Re6 29. Bd2 Ke7 30. Be1 Kd7 31. Rc2 Kc6 32. Bd2 Kb6 33. Bc1 Rae8 34. Kg2
Re4 35. Bd2 Ka6 36. Bc1 Kb6 37. Bd2 Ka6 38. Bc1 1/2-1/2

[Event "RA Spring Frost"]
[Site "Ottawa CAN"]
[Date "2003.04.03"]
[Round "6"]
[White "Veltmann, Alfred"]
[Black "Chyurlia, Jerome"]
[Result "1/2-1/2"]
[WhiteElo "1709"]
[BlackElo "1701"]
[PlyCount "104"]
[EventDate "2003.02.27"]
[EventType "tourn"]
[EventRounds "6"]
[EventCountry "CAN"]

1. e4 e6 2. d3 d5 3. Nd2 c5 4. g3 Nc6 5. Bg2 Nge7 6. Ne2 e5 7. f4 Bg4 8. Nf3 f6
9. O-O d4 10. Bd2 Qc7 11. Qe1 Nc8 12. fxe5 Bxf3 13. Bxf3 Nxe5 14. Nf4 Bd6 15.
Be2 Qd7 16. Kg2 Nb6 17. c4 O-O 18. b4 f5 19. bxc5 Bxc5 20. exf5 Rxf5 21. Qd1
Qc6+ 22. Kg1 Raf8 23. Qb3 g5 24. Nd5 Rxf1+ 25. Rxf1 Rxf1+ 26. Kxf1 Qg6 27. g4
Qf7+ 28. Kg2 h6 29. a4 Nc8 30. a5 b6 31. axb6 axb6 32. Nb4 Ng6 33. Qd1 Nh4+ 34.
Kg1 Bxb4 35. Bxb4 Qb7 36. Qf1 Qf7 37. Qxf7+ Kxf7 38. c5 Ke8 39. cxb6 Nxb6 40.
Bc5 Nd5 41. Bxd4 Nf4 42. Kf2 Ne6 43. Be3 Ng6 44. d4 Kd7 45. Bd3 Ne7 46. Kf3 Nd5
47. Bf5 Kd6 48. Bxe6 Kxe6 49. Ke4 Nf6+ 50. Kf3 Kd5 51. h4 gxh4 52. Bxh6 Nxg4
1/2-1/2

[Event "RA Spring op"]
[Site "Ottawa CAN"]
[Date "2003.03.22"]
[Round "1"]
[White "Dydak, Mateusz"]
[Black "Pacey, Kevin"]
[Result "1/2-1/2"]
[WhiteElo "1988"]
[BlackElo "2331"]
[PlyCount "55"]
[EventDate "2003.03.22"]
[EventType "swiss"]
[EventRounds "5"]
[EventCountry "CAN"]

1. e4 Nc6 2. Nc3 e6 3. d4 Bb4 4. Nf3 d6 5. Bd3 e5 6. a3 Bxc3+ 7. bxc3 Nge7 8.
O-O O-O 9. a4 Bg4 10. Be2 Ng6 11. h3 Bxf3 12. Bxf3 Qf6 13. Be3 Na5 14. Qd3 b6
15. Bg4 Nf4 16. Bxf4 exf4 17. Rae1 Rae8 18. Qa6 Qe7 19. e5 d5 20. Qd3 g6 21. g3
fxg3 22. fxg3 f5 23. exf6 Qxe1 24. Rxe1 Rxe1+ 25. Kf2 Re4 26. Bf3 Rxf6 27. Kg2
Re8 28. Bxd5+ 1/2-1/2

[Event "RA Spring op"]
[Site "Ottawa CAN"]
[Date "2003.03.22"]
[Round "2"]
[White "Pacey, Kevin"]
[Black "Giroux, Dave"]
[Result "1-0"]
[WhiteElo "2331"]
[BlackElo "1730"]
[PlyCount "85"]
[EventDate "2003.03.22"]
[EventType "swiss"]
[EventRounds "5"]
[EventCountry "CAN"]

1. d4 Nf6 2. Nf3 b6 3. Bg5 e6 4. e4 h6 5. Bxf6 Qxf6 6. Bd3 Bb7 7. O-O Nc6 8. c3
d6 9. d5 Ne5 10. Nxe5 dxe5 11. Bb5+ Kd8 12. dxe6+ Bd6 13. Qd3 Qxe6 14. Ba6 Bxa6
15. Qxa6 Ke7 16. Nd2 Qg6 17. Qb7 Rhb8 18. Qc6 b5 19. Rfd1 a5 20. Nf1 Ra7 21.
Ne3 Kf8 22. Nf5 Rb6 23. Qd7 Ra8 24. Rxd6 cxd6 25. Qe7+ Kg8 26. Qc7 Qxf5 27.
exf5 Rab8 28. Rd1 R8b7 29. Qd8+ Kh7 30. Rxd6 Rb8 31. Qe7 f6 32. Rxb6 Rxb6 33.
g4 b4 34. c4 b3 35. a3 a4 36. Qc7 Rb4 37. axb4 a3 38. Qc6 e4 39. bxa3 b2 40.
Qxe4 h5 41. gxh5 Kh6 42. h3 b1=Q+ 43. Qxb1 1-0

[Event "RA Spring op"]
[Site "Ottawa CAN"]
[Date "2003.03.22"]
[Round "3"]
[White "Brice, Ron"]
[Black "Pacey, Kevin"]
[Result "1-0"]
[WhiteElo "2067"]
[BlackElo "2331"]
[PlyCount "55"]
[EventDate "2003.03.22"]
[EventType "swiss"]
[EventRounds "5"]
[EventCountry "CAN"]

1. c4 f5 2. g3 Nf6 3. Bg2 g6 4. Nc3 Bg7 5. d3 O-O 6. e4 e5 7. Nge2 d6 8. O-O c6
9. exf5 gxf5 10. d4 f4 11. dxe5 dxe5 12. Qxd8 Rxd8 13. gxf4 e4 14. Be3 Be6 15.
b3 Rd3 16. Nxe4 Nbd7 17. Rad1 Rxd1 18. Rxd1 Nxe4 19. Bxe4 Nf6 20. Bf3 a6 21.
Kg2 Re8 22. h3 Bf7 23. Ng3 Be6 24. Bd4 Rf8 25. Be5 Ne8 26. Bg4 Kf7 27. Ne4 Ke7
28. Nc5 1-0

[Event "RA Summer Pickup #1"]
[Site "Ottawa CAN"]
[Date "2003.05.01"]
[Round "1"]
[White "Litchfield, Gerry"]
[Black "Veltmann, Alfred"]
[Result "1/2-1/2"]
[WhiteElo "1706"]
[BlackElo "1687"]
[PlyCount "110"]
[EventDate "2003.05.01"]
[EventType "swiss"]
[EventRounds "6"]
[EventCountry "CAN"]

1. d4 d5 2. Nf3 b6 3. Bf4 Ba6 4. Nbd2 Nf6 5. c4 e6 6. e3 c6 7. Qa4 Bb7 8. cxd5
exd5 9. Bd3 Be7 10. h3 O-O 11. O-O c5 12. dxc5 Bxc5 13. Nb3 Nbd7 14. Ne5 Nxe5
15. Bxe5 Bd6 16. Bxd6 Qxd6 17. Nd4 a6 18. Rac1 g6 19. b4 Rfc8 20. Rxc8+ Bxc8
21. Rc1 Bb7 22. Qb3 b5 23. a4 bxa4 24. Qxa4 Rc8 25. Rxc8+ Bxc8 26. b5 axb5 27.
Bxb5 Bd7 28. Bxd7 Qxd7 29. Qxd7 Nxd7 30. Kf1 Kf8 31. Ke2 h6 32. Kd2 Ke7 33. Kc3
Kd6 34. Kd2 Nc5 35. f3 Nd7 36. Ke2 Ne5 37. Kf2 h5 38. Ne2 Nd3+ 39. Kg3 Ke5 40.
Nd4 Nb2 41. Kf2 Nd1+ 42. Ke2 Nc3+ 43. Kd2 Na4 44. Ke2 Nb2 45. g4 hxg4 46. hxg4
g5 47. Nc6+ Kd6 48. Nd4 Nc4 49. Nf5+ Ke6 50. Nd4+ Kf6 51. Nf5 Ne5 52. Nd4 Nd7
53. Nf5 Nf8 54. Nd4 Ng6 55. Nf5 Ke5 1/2-1/2

[Event "RA Summer Pickup #1"]
[Site "Ottawa CAN"]
[Date "2003.05.01"]
[Round "1"]
[White "Pacey, Kevin"]
[Black "Patterson, Roger"]
[Result "1-0"]
[WhiteElo "2282"]
[BlackElo "2200"]
[PlyCount "59"]
[EventDate "2003.05.01"]
[EventType "swiss"]
[EventRounds "6"]
[EventCountry "CAN"]

1. d4 d5 2. c4 dxc4 3. Nf3 Nf6 4. Qa4+ Nbd7 5. Qxc4 e6 6. g3 c5 7. Bg2 Nb6 8.
Qd3 cxd4 9. Qxd4 Qxd4 10. Nxd4 Bd6 11. Nb5 Bb8 12. O-O a6 13. Nd4 Bd6 14. Nc3
Rb8 15. Rd1 Ke7 16. b3 e5 17. Nf3 Be6 18. Ng5 Rhd8 19. Nxe6 Kxe6 20. Bh3+ Ke7
21. Rxd6 Kxd6 22. Ba3+ Kc6 23. Rc1 Nbd7 24. Na4+ Kb5 25. Rc7 a5 26. Be7 Ka6 27.
Bxd8 Rxd8 28. Bxd7 Rxd7 29. Nc5+ Kb6 30. Rxd7 1-0

[Event "RA Summer Pickup #1"]
[Site "Ottawa CAN"]
[Date "2003.05.08"]
[Round "2"]
[White "Veltmann, Alfred"]
[Black "Schofield, Mike"]
[Result "0-1"]
[WhiteElo "1687"]
[BlackElo "1930"]
[PlyCount "156"]
[EventDate "2003.05.01"]
[EventType "swiss"]
[EventRounds "6"]
[EventCountry "CAN"]

1. e4 c5 2. Nf3 Nc6 3. d4 cxd4 4. Nxd4 g6 5. Be2 Bg7 6. Be3 Nf6 7. Nc3 O-O 8.
O-O d5 9. Nxc6 bxc6 10. exd5 Nxd5 11. Nxd5 cxd5 12. c3 Bb7 13. Qd2 Qa5 14. f4
e6 15. g4 Rfd8 16. Bf3 d4 17. cxd4 Qxd2 18. Bxd2 Bxf3 19. Rxf3 Bxd4+ 20. Be3
Bxb2 21. Rb1 Bd4 22. Kf2 Rac8 23. Bxd4 Rxd4 24. Rb2 Rcd8 25. Kg3 Ra4 26. h3 Rd1
27. a3 Rad4 28. Rbb3 R4d2 29. Rfe3 Kg7 30. Rbc3 h6 31. Rb3 a5 32. Rf3 g5 33.
fxg5 hxg5 34. Rfe3 a4 35. Rbc3 Rb1 36. Kf3 Rd4 37. Kg3 Rf4 38. Red3 Rg1+ 39.
Kh2 Rb1 40. Kg3 Rff1 41. Kg2 Rfd1 42. Rxd1 Rxd1 43. Rc4 Rd2+ 44. Kg1 Rd3 45.
Rxa4 Rxh3 46. Kg2 Rb3 47. Ra8 Kf6 48. a4 Ke5 49. a5 Kf4 50. Ra7 f5 51. gxf5
exf5 52. a6 g4 53. Rb7 Ra3 54. a7 Ra2+ 55. Kf1 g3 56. Rb4+ Kf3 57. Rb3+ Kg4 58.
Rb7 f4 59. Rf7 g2+ 60. Kg1 Kg3 61. Rg7+ Kf3 62. a8=Q+ Rxa8 63. Rxg2 Ra1+ 64.
Kh2 Re1 65. Rg8 Re2+ 66. Kg1 Re1+ 67. Kh2 Kf2 68. Rg2+ Ke3 69. Rg8 f3 70. Re8+
Kf2 71. Rf8 Re6 72. Rh8 Rg6 73. Rh7 Kf1 74. Rh8 f2 75. Rh7 Rg2+ 76. Kh1 Rg1+
77. Kh2 Ke2 78. Re7+ Kd3 0-1